<?xml version="1.0" encoding="UTF-8"?>
<record
    xmlns:xsi="http://www.w3.org/2001/XMLSchema-instance"
    xsi:schemaLocation="http://www.loc.gov/MARC21/slim http://www.loc.gov/standards/marcxml/schema/MARC21slim.xsd"
    xmlns="http://www.loc.gov/MARC21/slim">

  <leader>00768cam9a220019300 4500</leader>
  <controlfield tag="001">qce01298887</controlfield>
  <controlfield tag="005">20190830100732.0</controlfield>
  <controlfield tag="008">801001s1962    sa            000 0 eng d</controlfield>
  <datafield tag="035" ind1=" " ind2=" ">
    <subfield code="a">(Sirsi) r109174</subfield>
  </datafield>
  <datafield tag="035" ind1=" " ind2=" ">
    <subfield code="a">(aeQCAT)lss02882003</subfield>
  </datafield>
  <datafield tag="035" ind1=" " ind2=" ">
    <subfield code="a">(UPRA)qce01298887</subfield>
  </datafield>
  <datafield tag="040" ind1=" " ind2=" ">
    <subfield code="d">UPRA</subfield>
  </datafield>
  <datafield tag="100" ind1="1" ind2=" ">
    <subfield code="a">Watts, Hilstan Lett, 1929-</subfield>
    <subfield code="d">Watts, Hilstan Lett, 1929-</subfield>
    <subfield code="6">A68283.1</subfield>
  </datafield>
  <datafield tag="245" ind1="1" ind2="0">
    <subfield code="a">Elderly whites in Grahamstown :</subfield>
    <subfield code="b">a survey of thier socio-economic characteristics, housing needs, and preferences /</subfield>
    <subfield code="c">by H.L. Watts.</subfield>
  </datafield>
  <datafield tag="260" ind1=" " ind2=" ">
    <subfield code="a">Grahamstown,</subfield>
    <subfield code="c">1962.</subfield>
  </datafield>
  <datafield tag="490" ind1="0" ind2=" ">
    <subfield code="a">Rhodes university, Grahamstown, South Africa. Insitute of Social and Economic Research. Occasional papers, no. 6</subfield>
    <subfield code="6">S10866.1</subfield>
  </datafield>
  <datafield tag="949" ind1=" " ind2=" ">
    <subfield code="a">HQ1061</subfield>
    <subfield code="w">lcc</subfield>
    <subfield code="i">-155651</subfield>
    <subfield code="m">MAIN</subfield>
    <subfield code="t">BOOK</subfield>
    <subfield code="l">ON-SHELF</subfield>
  </datafield>
  <controlfield tag="004">109174</controlfield>
  <datafield tag="999" ind1=" " ind2=" ">
    <subfield code="c">182089</subfield>
    <subfield code="d">182089</subfield>
  </datafield>
</record>
